000 00871nmm a2200265 a 4500
001 ocm0002348224
003 TR-IsHL
005 20201028190146.0
008 191226s2013 Den tur
007 cr cn
020 _a9786058570023
035 _a2348224
_b(N$T)
050 0 4 _aPN3377
_b.Y54 2013
090 0 4 _aPN3377
_b.Y54 2013
100 1 _aYiğit, Hasan
245 1 0 _aYaşasın cumhuriyet
_h[electronic resource] /
_cHasan Yiğit
260 _aİstanbul :
_bNarçiçeği Yayıncılık,
_c2013
300 _a80 p.
650 4 _aDil ve Edebiyat
650 4 _aLanguage and Literature
650 0 _aTürk edebiyatı
_x Tiyatro.
650 0 _aÇocuk edebiyatı, Türk
_x Tiyatro
650 7 _aJUVENILE FICTION / Historical / Middle East
_2bisacsh
856 4 0 _uhttp://search.ebscohost.com/login.aspx?direct=true&scope=site&db=e011xww&AN=2348224
999 _c21790
_d21790